| 000 | 00397nam a2200145 a 4500 | ||
|---|---|---|---|
| 001 | 53 | ||
| 003 | CDMR | ||
| 005 | 20130220181728.0 | ||
| 008 | 130130s2004||||||||||||||||||||||||||||d | ||
| 040 |
_aCDMR _bcat _cCDMR |
||
| 100 | 1 |
_aBatet Rius, Ivet _958 |
|
| 245 | 1 | 0 |
_a20 anys fent El Pati _b: Crònica d'un setmanari comarcal nascut amb la democràcia |
| 260 |
_aValls _c2004 _bCossetània |
||
| 942 |
_cMON _2ddc |
||
| 999 |
_c53 _d53 |
||